Every 100k+ City in Poland on a Map - Statistics

General Stats
  • This quiz has been taken 3,649 times
  • The average score is 22 of 37
Answers on the Map
Answers color-coded by a green-red scale on the quiz's map according to % correct below.
 
Answer Stats
Population City % Correct
1,794,166 Warsaw
99%
470,805 Gdańsk
97%
779,966 Kraków
97%
672,185 Łódź
93%
641,928 Wrocław
91%
290,553 Katowice
89%
532,048 Poznań
88%
398,255 Szczecin
87%
338,586 Lublin
84%
244,969 Gdynia
80%
296,958 Białystok
75%
344,091 Bydgoszcz
72%
198,613 Toruń
62%
217,530 Częstochowa
60%
209,296 Radom
60%
127,839 Opole
59%
196,638 Rzeszów
58%
193,415 Kielce
57%
171,249 Olsztyn
54%
140,892 Zielona Góra
54%
177,049 Gliwice
51%
118,582 Elbląg
50%
197,586 Sosnowiec
48%
106,235 Koszalin
47%
122,589 Gorzów Wielkopolski
46%
118,268 Płock
46%
163,255 Bytom
44%
107,498 Tarnów
44%
169,756 Bielsko-Biała
43%
170,924 Zabrze
43%
106,846 Chorzów
41%
137,128 Rybnik
38%
126,871 Tychy
38%
109,971 Wałbrzych
38%
108,561 Włocławek
38%
136,423 Ruda Śląska
35%
118,285 Dąbrowa Górnicza
31%
No matching quizzes found
Score Distribution
Percent of People with Each Score
Percentile by Number Answered
Your Score History
You have not taken this quiz